| 000 | 003560000a22001570004500 | ||
|---|---|---|---|
| 005 | 20120302065116.0 | ||
| 942 | _cBOOK | ||
| 100 | _a Pathak, Dr.Suresh Ramdas | ||
| 245 | _a Mala Samjlela Dasbodh - Khand 2 | ||
| 250 | _a 1st | ||
| 260 | _aNasik:Swamikrupa Prakashan, 1998 | ||
| 300 | _a256p | ||
| 040 | _aMar | ||
| 365 | _b80/- | ||
| 650 | _aVaicharik | ||
| 999 |
_c363914 _d363911 |
||